000 00319nam a22001217a 4500
008 250610b |||||||| |||| 00| 0 eng d
020 _a0500202346
050 _aNA 680
_b.D 53
245 _aDictionary of 20th century architecture
260 _aLondon
_bThames and Hudson limited
_c1997
300 _a384p
942 _cBK
999 _c3845
_d3845